000 00642nam a22001937a 4500
003 OSt
005 20250822014931.0
008 250822b |||||||| |||| 00| 0 eng d
020 _a971-27-1447-0.
040 _cOC
082 _aFil. 344.59904 B175p 2004
100 _aBaldago, L.A.
245 _aPhilippine nursing act 2002:
_bannotated
260 _aPasig City, Philippines:
_bAnvil Pub., Inc.,
_cc2004.
300 _a170 pages ;
_c25 cm.
504 _aIncludes bibliographies.
650 _2Nursing - Law and Legislation - Philippines.
942 _2ddc
_cBK - FIL
_hFil. 344.59904 B175p 2004
_kFil.
_n0
999 _c4136
_d4136